000 00355nam a22001337a 4500
020 _a978-93-5134-234-2
082 _a530
_bMAL/N
100 _aSTALIN MALHOTRA
245 _aNUMERICALS AND OBJECTIVES IN PHYSICS
_bCLASS XI THIRD EDITION
260 _aDELHI
_bMCGRAW HILL EDUCATION
_c2014
300 _a547
650 _aPHYSICS FOR CLASS XI
_zINDIA
942 _cBK
999 _c527
_d527